Chimie minérale (Record no. 111381)

MARC details
000 -LEADER
campo de control de longitud fija 00513nam a2200169 4500
001 - NÚMERO DE CONTROL
campo de control 111381
003 - IDENTIFICADOR DE NÚMERO DE CONTROL
campo de control ES-MaACL
007 - CAMPO FIJO DE DESCRIPCIÓN FÍSICA--INFORMACIÓN GENERAL
campo de control de longitud fija t|
008 - DATOS DE LONGITUD FIJA--INFORMACIÓN GENERAL
campo de control de longitud fija 061121s1969 xxr r ||||1| fre d
100 1# - ENTRADA PRINCIPAL--NOMBRE DE PERSONA
Nombre de persona Nekrasov, Boris.
9 (RLIN) 85349
245 10 - MENCIÓN DEL TÍTULO
Título Chimie minérale
Resto del título : généralités des études des éléments /
Mención de responsabilidad, etc. B. Nekrassov; traduit par A. Eliner.
250 ## - MENCION DE EDICION
Mención de edición 2e ed. rev.
260 ## - PUBLICACIÓN, DISTRIBUCIÓN, ETC.
Lugar de publicación, distribución, etc. Moscóu :
Nombre del editor, distribuidor, etc. Mir,
Fecha de publicación, distribución, etc. 1969.
300 ## - DESCRIPCIÓN FÍSICA
Extensión 526 p. :
Otras características físicas il. ;
Dimensiones 22 cm.
700 1# - ENTRADA AGREGADA--NOMBRE PERSONAL
Nombre de persona Eliner, A.
9 (RLIN) 46991
852 ## - LOCALIZACIÓN
Ubicación ES-MaACL
Número de control de estantería E-6299
Sublocalización o colección R.90547
Holdings
Estatus retirado Estado de pérdida Estado de daño No para préstamo Biblioteca de origen Biblioteca actual Ubicación en estantería Fecha de adquisición Fuente de adquisición Total de préstamos Signatura topográfica completa Código de barras Visto por última vez Precio de reemplazo Tipo de ítem Koha
        Biblioteca del Ateneo de Madrid Biblioteca del Ateneo de Madrid Depósito 2 17/01/2008     E-6299 1116200 23/02/2023 23/02/2023 Libro impreso